One Good Deed (Record no. 244459)
[ view plain ]
| 000 -LEADER | |
|---|---|
| fixed length control field | 00570nam a22001935 4500 |
| 001 - CONTROL NUMBER | |
| control field | BK0024806449 |
| 005 - DATE AND TIME OF LATEST TRANSACTION | |
| control field | 20190516113340.0 |
| 008 - FIXED-LENGTH DATA ELEMENTS--GENERAL INFORMATION | |
| fixed length control field | 190514 eng |
| 020 ## - INTERNATIONAL STANDARD BOOK NUMBER | |
| International Standard Book Number | 9781538750568 : HRD |
| Terms of availability | 29.00 |
| 020 ## - INTERNATIONAL STANDARD BOOK NUMBER | |
| International Standard Book Number | 1538750562 : HRD |
| Terms of availability | 29.00 |
| 037 ## - SOURCE OF ACQUISITION | |
| Source of stock number/acquisition | Grand Central Pub, C/O Little Brown & Co Order Dept 53 State st 9th Fl, Boston, MA, USA, 02109 |
| Note | SAN 200-2205 |
| 050 ## - LIBRARY OF CONGRESS CALL NUMBER | |
| Classification number | PS |
| 082 ## - DEWEY DECIMAL CLASSIFICATION NUMBER | |
| Classification number | 813 |
| 092 ## - LOCALLY ASSIGNED DEWEY CALL NUMBER (OCLC) | |
| Classification number | 813.0000 |
| 100 ## - MAIN ENTRY--PERSONAL NAME | |
| Personal name | Baldacci, David |
| 9 (RLIN) | 42885 |
| 245 00 - TITLE STATEMENT | |
| Title | One Good Deed |
| 264 #1 - Production, Publication, Distribution, Manufacture, and Copyright Notice. | |
| Name of producer, publisher, distributor, manufacturer | Grand Central Pub |
| Date of production, publication, distribution, manufacture, or copyr | 2019 |
| 300 ## - PHYSICAL DESCRIPTION | |
| Extent | 416 p. ; |
| Withdrawn status | Lost status | Source of classification or shelving scheme | Damaged status | Not for loan | Collection code | Home library | Current library | Shelving location | Date acquired | Source of acquisition | Cost, normal purchase price | Total Checkouts | Total Renewals | Full call number | Barcode | Date last seen | Date checked out | Cost, replacement price | Price effective from | Koha item type |
|---|---|---|---|---|---|---|---|---|---|---|---|---|---|---|---|---|---|---|---|---|
| Dewey Decimal Classification | Fiction | Wasatch County Library | Wasatch County Library | First Floor | 10/07/2019 | 29.00 | 33 | 9 | F Baldacci | 34301001647207 | 02/19/2026 | 02/05/2026 | 29.00 | 03/20/2020 | BOOK |
